000 01051nam a2200313 i 4500
001 000027887
003 DO-SdBNP
005 20240909144951.0
006 a||||gr|||| 00| 0
007 ta
008 110405e1980 dr a 000 e spa d
040 _aDO-SdBNP
_bspa
_cBNPHU
_erda
041 _aspa
082 4 _aRD861.44
_bA473c 1980
_222
100 1 _aÁlvarez, Cipriano,
_927792
_eautor
_4aut.
245 1 0 _aCampitaleño /
_cCipriano Álvarez ; presentación, Robinson Lara Báez ;
250 _aTercera edición
264 _aSanto Domingo, D. N. República Dominicana :
_bServicios Gráficos Diversos,
_c1980
300 _a129 páginas :
_bilustraciones ;
_c18 cm.
336 _2rdacontent
_atexto
_btxt
337 _2rdamedia
_asin mediación
_bn
338 _2rdacarrier
_avolumen
_bnc
590 _aInventariado, 2024 / MF
650 4 _aNovela dominicana
_9223
650 4 _aLiteratura diminicana
_925434
700 1 _4pr.
_aLara Báez, Robinson,
_epresentador
_927793
910 _aValidado. Control de calidad BNPHU.
942 _2ddc
_cLBS1
999 _c27379
_d27379